Piłkarze Tottenham'u - Statystyki

Ogólne statystyki
  • Ten quiz został rozwiązany 200 razy
    56 od ostatniego zresetowania
  • Średni wynik to 18 z 29
Statystyki odpowiedzi
Piłkarz Państwo Pozycja % Poprawnych
Gugielmo Vicario Włochy Bramkarz
94%
Radu Drăgușin Rumunia Obrońca
83%
Richarlison Brazylia Napastnik
83%
Micky van de Ven Holandia Obrońca
79%
Cristian Romero Argentyna Obrońca
77%
Dejan Kulusevski Szwecja Pomocnik
77%
Mohammed Kudus Ghana Napastnik
77%
Ben Davies Walia Obrońca
72%
Pedro Porro Hiszpania Obrońca
70%
Dominic Solanke Anglia Napastnik
66%
Lucas Bergvall Szwecja Pomocnik
66%
Pepe Matar Sarr Senegal Pomocnik
66%
Rodrigo Bentancur Urugwaj Pomocnik
66%
Antonín Kinský Czechy Bramkarz
64%
Brennan Johnson Walia Napastnik
64%
Kevin Danso Austria Obrońca
64%
Xavi Simons Holandia Pomocnik
64%
Destiny Udogie Włochy Obrońca
62%
James Maddison Anglia Pomocnik
62%
Randal Kolo Muani Francja Napastnik
62%
João Palhinha Portugalia Pomocnik
57%
Djed Spence Anglia Obrońca
53%
Mathys Tel Francja Napastnik
53%
Yves Bissouma Mali Pomocnik
47%
Brandon Austin Anglia Bramkarz
43%
Wilson Odobert Francja Napastnik
43%
Archie Gray Anglia Pomocnik
38%
Dane Scarlett Anglia Napastnik
30%
Kota Takai Japonia Obrońca
30%
Nie znaleziono quizów pasujących do podanych kryteriów
Rozkład punktacji
Procent ludzi z każdym wynikiem
Percentyl według liczby udzielonych odpowiedzi
Twoja historia wyników
Nie rozwiązałeś tego quizu od ostatniego zresetowania